| 000 | 00376cam a22001217a 4500 | ||
|---|---|---|---|
| 008 | 180718b1948 xxu||||| |||| 00| 0 eng d | ||
| 082 | _aF51x54 R137i | ||
| 100 | _aRajkumar, Nagoji Vasudev | ||
| 245 |
_aIndian political parties _cby Nagoji Vasudev Rajkumar |
||
| 260 |
_aNew Delhi _bAll-India Congress Committee _c1948 |
||
| 300 | _av, 139p | ||
| 650 | _aPolitical parties --India | ||
| 999 |
_c426371 _d426371 |
||